| 000 | 00670nam a22002657a 4500 | ||
|---|---|---|---|
| 005 | 20200110164720.0 | ||
| 008 | 200110b xxu||||| |||| 00| 0 spa d | ||
| 020 | _a8482397591 | ||
| 041 | _aspa | ||
| 082 | _a170 H642a | ||
| 100 |
_aHildebrand, Deetrich Von _957279 |
||
| 245 | _aActitudes morales fundamentales | ||
| 260 | _aEspaña | ||
| 260 | _bEdiciones Palabra | ||
| 260 | _c2003 | ||
| 650 |
_aMORAL _92444 |
||
| 650 |
_aVALORES _932 |
||
| 650 |
_aREVERENCIA _957280 |
||
| 650 |
_aFIDELIDAD _912350 |
||
| 650 |
_aRESPONSABILIDAD _920690 |
||
| 650 |
_aVERACIDAD _957281 |
||
| 650 |
_aCOMUNICIÓN _957282 |
||
| 650 |
_aESPERANZA _910842 |
||
| 942 | _cBK | ||
| 999 |
_c12545 _d12545 |
||